000 00411nam a2200169Ia 4500
008 170705s9999 xx 000 0 und d
020 _a9780545398381
245 _aFrankie pickle and the mathematical menace /
245 _cEric Wight.
260 _aNew York :
260 _bScholastic,
260 _c2011
300 _a85 pages :
300 _bcolor illustration ;
300 _c19cm.
500 _a600
999 _c336214
_d336214